The merits of using advanced planting materials in rubber forest plantation (Record no. 70855)
[ view plain ]
| 000 -LEADER | |
|---|---|
| fixed length control field | 02042nam a2200301Ia 4500 |
| 100 ## - MAIN ENTRY--AUTHOR NAME | |
| Personal name | Ahmad Bastiah |
| 245 #4 - TITLE STATEMENT | |
| Title | The merits of using advanced planting materials in rubber forest plantation |
| 260 ## - PUBLICATION, DISTRIBUTION, ETC. (IMPRINT) | |
| Name of publisher | Journal of Rubber Research |
| Year of publication | 2006 |
| 300 ## - PHYSICAL DESCRIPTION | |
| Number of Pages | 178-192 |
| 520 ## - SUMMARY, ETC. | |
| Summary, etc | The growth of three types of planting materials, namely buddings and seedlings with different number of whorls and core stumps, in a rubber forest plantation system was studied in three trials. In the first trial, two- and four-whorled buddings of three clones (RRIM 2020, RRIM 2025 and RRIM 2027) were compared. The second trial compared growth of seedlings (PBIG GG4, 5 and 6) and three- and six-whorled buddings of RRIM 2001 and RRIM 2026. In another trial, the growth of three types of planting materials namely two- and six-whorled buddings and core stumps were also compared. Generally, buddings planted as advanced planting materials (with four or six whorls) had better girth than two- or three-whorled buddings or seedlings. However, advanced seedlings did not indicate the same trend. Clone RRIM 2020 had significantly better girth than RRIM 2027 inthe first trial. The girth superiority of corestumps over those of two-whorled buddings was maintained for 2.5 years after planting whilst the six-whorled buddings caught up with the core stumps in girth size as early as two years after planting. The significance of these findings in relation to the use of advanced planting materials to reduce the period of immaturity of rubber and for rubber forest plantation is discussed. |
| 650 ## - SUBJECT ADDED ENTRY--TOPICAL TERM | |
| Topical Term | Budding |
| 650 ## - SUBJECT ADDED ENTRY--TOPICAL TERM | |
| Topical Term | Core stumps |
| 650 ## - SUBJECT ADDED ENTRY--TOPICAL TERM | |
| Topical Term | Girth size |
| 650 ## - SUBJECT ADDED ENTRY--TOPICAL TERM | |
| Topical Term | Immaturity period |
| 650 ## - SUBJECT ADDED ENTRY--TOPICAL TERM | |
| Topical Term | PBIG GG4 |
| 650 ## - SUBJECT ADDED ENTRY--TOPICAL TERM | |
| Topical Term | PBIG GG5 |
| 650 ## - SUBJECT ADDED ENTRY--TOPICAL TERM | |
| Topical Term | PBIG GG6 |
| 650 ## - SUBJECT ADDED ENTRY--TOPICAL TERM | |
| Topical Term | Planting materials |
| 650 ## - SUBJECT ADDED ENTRY--TOPICAL TERM | |
| Topical Term | RRIM 2020 |
| 650 ## - SUBJECT ADDED ENTRY--TOPICAL TERM | |
| Topical Term | RRIM 2025 |
| 650 ## - SUBJECT ADDED ENTRY--TOPICAL TERM | |
| Topical Term | RRIM 2027 |
| 650 ## - SUBJECT ADDED ENTRY--TOPICAL TERM | |
| Topical Term | Rubber forest |
| 650 ## - SUBJECT ADDED ENTRY--TOPICAL TERM | |
| Topical Term | Seedlings |
| 700 ## - ADDED ENTRY--PERSONAL NAME | |
| Personal name | Ibrahim Naimah |
| 700 ## - ADDED ENTRY--PERSONAL NAME | |
| Personal name | Othman Ramli |
| 942 ## - ADDED ENTRY ELEMENTS (KOHA) | |
| Koha item type | Journals |
| Withdrawn status | Lost status | Damaged status | Not for loan | Home library | Current library | Shelving location | Date acquired | Serial Enumeration / chronology | Koha item type |
|---|---|---|---|---|---|---|---|---|---|
| Journals | RRII Library | RRII Library | Botany | 30/03/2007 | Volume 9, Issue 3 | Journals |